Star Academy - Candidats de la saison 10 (2022) - Statistiques

Statistiques générales
  • Ce quiz a été pris 320 fois
  • Le résultat moyen est 11 sur 13
Statistiques - réponses
Hint Réponse % Correct
Académiciens Louis
96%
Académiciens Enola
94%
Académiciens Léa
92%
Académiciens Anisha
89%
Académiciens Tiana
86%
Académiciens Carla
84%
Académiciens Julien
84%
Académiciens Paola
81%
Académiciens Stan
81%
Académiciens Chris
73%
Académiciens Ahcène
72%
Académiciens Cenzo
71%
Académiciens Amisse
70%
Aucun quiz correspondant
Distribution des résultats
% des personnes avec chaque résultat
Percentile par nombre de réponses
Votre historique - résultats
Vous n’avez pas pris ce quiz